[Event "Bavaria-ch 94th"]
[Site "Rosenheim"]
[Date "2023.08.21"]
[Round "2"]
[White "Niedermeier, Thomas"]
[Black "Lang, Zalan Andreas"]
[Result "1/2-1/2"]
[WhiteElo "2223"]
[BlackElo "2221"]
[PlyCount "101"]
[EventDate "2023.08.20"]
[EventType "tourn"]
[EventRounds "9"]
[EventCountry "GER"]
[SourceTitle "CBM 215 Extra"]
[Source "ChessBase"]
[SourceDate "2023.09.30"]
[SourceVersion "1"]
[SourceVersionDate "2023.09.30"]
[SourceQuality "1"]

1. e4 c6 2. d4 d5 3. exd5 cxd5 4. Bd3 Nc6 5. c3 Nf6 6. Bf4 g6 7. Nf3 Bg7 8. 0-0 0-0 9. Re1 Bf5 10. Bf1 h6 11. h3 Rc8 12. Nbd2 g5 13. Bh2 e6 14. h4 Ng4 15. Bg3 Bf6 16. Ne5 Ngxe5 17. hxg5 hxg5 18. dxe5 Be7 19. Nf3 Kg7 20. Bd3 Bxd3 21. Qxd3 Rh8 22. Nh2 Qb6 23. Qe2 Rh7 24. Qg4 Rch8 25. b3 Kf8 26. Rad1 Bc5 27. Qxg5 Rg8 28. Qf4 Rhg7 29. Kh1 a5 30. Rd3 Ne7 31. b4 axb4 32. cxb4 Qxb4 33. Qxb4 Bxb4 34. Rb1 Bc5 35. Rxb7 Nf5 36. Rc3 Rxg3 37. Rxc5 Rd3 38. Rc8+ Kg7 39. Rxg8+ Kxg8 40. Nf3 Rd1+ 41. Kh2 Rf1 42. Rb2 Ne7 43. g4 Ng6 44. Kg3 Rc1 45. Re2 Kg7 46. Ne1 Rc3+ 47. Re3 Rxe3+ 48. fxe3 Nxe5 49. a4 Nc4 50. Kf3 Kf6 51. Nc2 1/2-1/2

[Event "Mittelfrank Regionalliga Sud-Ost 2223"]
[Site "Mittelfranken"]
[Date "2022.11.27"]
[Round "3.2"]
[White "Trapp, Maximilian"]
[Black "Niedermeier, Thomas"]
[Result "0-1"]
[WhiteElo "2182"]
[BlackElo "2216"]
[PlyCount "96"]
[EventDate "2022.10.09"]
[EventType "team-tourn"]
[EventRounds "9"]
[EventCountry "GER"]
[SourceTitle "EXT 2024"]
[Source "ChessBase"]
[SourceDate "2023.10.10"]
[SourceVersion "1"]
[SourceVersionDate "2023.10.10"]
[SourceQuality "1"]
[WhiteTeam "Freising"]
[BlackTeam "Ilmmuenster"]
[WhiteTeamCountry "GER"]
[BlackTeamCountry "GER"]

1. d4 e6 2. Nf3 f5 3. g3 Nf6 4. Bg2 Be7 5. 0-0 0-0 6. c4 d6 7. Nc3 Ne4 8. Qd3 Nxc3 9. Qxc3 a5 10. h4 h6 11. Ne1 Bf6 12. e4 Nc6 13. Nc2 e5 14. d5 Nd4 15. Nxd4 exd4 16. Qd3 fxe4 17. Bxe4 Bh3 18. Re1 Qd7 19. Bd2 c5 20. Bg6 a4 21. b3 Qg4 22. h5 Be5 23. Re4 Rf3 24. Rxg4 Rxd3 25. Bxd3 Bxg4 26. f4 Bf6 27. b4 cxb4 28. Bxb4 Re8 29. Bg6 Re3 30. Re1 Rxe1+ 31. Bxe1 Be2 32. Bb4 Bxc4 33. a3 Bxd5 34. Kf2 Kf8 35. Bxd6+ Be7 36. Bxe7+ Kxe7 37. Ke2 Bc4+ 38. Kd2 b5 39. Kc2 Kf6 40. Bd3 Ke6 41. Bh7 Kd6 42. Bg6 Be2 43. Kd2 Bg4 44. Kd3 Kc5 45. Ke4 Kc4 46. Be8 Be6 47. Bc6 b4 48. Ke5 Bf7 0-1

[Event "Mittelfrank Regionalliga Sud-Ost 2122"]
[Site "Mittelfranken"]
[Date "2022.06.26"]
[Round "3.2"]
[White "Niedermeier, Thomas"]
[Black "Trapp, Maximilian"]
[Result "1/2-1/2"]
[WhiteElo "2170"]
[BlackElo "2165"]
[PlyCount "55"]
[EventDate "2021.10.24"]
[EventType "team-tourn"]
[EventRounds "9"]
[EventCountry "GER"]
[SourceTitle "EXT 2024"]
[Source "ChessBase"]
[SourceDate "2023.10.10"]
[SourceVersion "1"]
[SourceVersionDate "2023.10.10"]
[SourceQuality "1"]
[WhiteTeam "Ilmmuenster"]
[BlackTeam "Freising"]
[WhiteTeamCountry "GER"]
[BlackTeamCountry "GER"]

1. e4 d5 2. exd5 Qxd5 3. Nc3 Qd8 4. Bc4 Nf6 5. Nf3 Nc6 6. h3 Bf5 7. Nh4 Bg6 8. Nxg6 hxg6 9. a3 e6 10. d3 Bc5 11. Bg5 Rh5 12. h4 Qd4 13. Qe2 0-0-0 14. Na4 Be7 15. c3 Qg4 16. Qxg4 Nxg4 17. Bxe7 Nxe7 18. d4 Rdh8 19. g3 Rf5 20. f4 b6 21. Bd3 Ra5 22. b3 Rd8 23. Nb2 Nf5 24. Rg1 Rad5 25. Be4 R5d7 26. Bc6 Rd6 27. Bf3 Nfe3 28. Bxg4 1/2-1/2

[Event "AUT-chT2W 1516"]
[Site "Austria"]
[Date "2016.03.06"]
[Round "11.2"]
[White "Niedermeier, Thomas"]
[Black "Scheiblmaier, Robert"]
[Result "0-1"]
[WhiteElo "2262"]
[BlackElo "2186"]
[PlyCount "66"]
[EventDate "2015.10.16"]
[EventType "team-tourn"]
[EventRounds "11"]
[EventCountry "AUT"]
[SourceTitle "EXT 2017"]
[Source "ChessBase"]
[SourceDate "2016.10.25"]
[SourceVersion "1"]
[SourceVersionDate "2016.10.25"]
[SourceQuality "1"]
[WhiteTeam "Voels/Innsbruck"]
[BlackTeam "Salzburg"]
[WhiteTeamCountry "AUT"]
[BlackTeamCountry "AUT"]

1. e4 e6 2. d4 d5 3. Nc3 Bb4 4. e5 c5 5. a3 Ba5 6. b4 cxd4 7. Nb5 Bc7 8. f4 Bd7 9. Qg4 g6 10. Nxd4 Nc6 11. Ngf3 Nge7 12. Bd3 Nxd4 13. Nxd4 Bb6 14. Bb2 Nf5 15. Nxf5 exf5 16. Qf3 0-0 17. h3 Be6 18. 0-0-0 d4 19. g4 Qd7 20. gxf5 Bxf5 21. Bxf5 Qxf5 22. Qg4 Qe4 23. Rhe1 Qd5 24. f5 Rac8 25. e6 d3 26. Rd2 fxe6 27. fxg6 h5 28. Qg2 Qxg2 29. Rxg2 Bf2 30. Rxe6 Rxc2+ 31. Kb1 Bd4 32. g7 Rf1+ 33. Ka2 Rxg2 0-1

[Event "AUT-chT2W 1516"]
[Site "Austria"]
[Date "2016.03.05"]
[Round "10.2"]
[White "Anibas, Juergen"]
[Black "Niedermeier, Thomas"]
[Result "0-1"]
[WhiteElo "1965"]
[BlackElo "2262"]
[PlyCount "98"]
[EventDate "2015.10.16"]
[EventType "team-tourn"]
[EventRounds "11"]
[EventCountry "AUT"]
[SourceTitle "EXT 2017"]
[Source "ChessBase"]
[SourceDate "2016.10.25"]
[SourceVersion "1"]
[SourceVersionDate "2016.10.25"]
[SourceQuality "1"]
[WhiteTeam "Kufstein/Woergl"]
[BlackTeam "Voels/Innsbruck"]
[WhiteTeamCountry "AUT"]
[BlackTeamCountry "AUT"]

1. d4 Nf6 2. Nf3 g6 3. c4 Bg7 4. Nc3 d6 5. Bg5 h6 6. Bh4 g5 7. Bg3 Nh5 8. e3 Nd7 9. Qc2 c5 10. d5 a6 11. Be2 Qa5 12. Nd2 Nxg3 13. hxg3 Ne5 14. 0-0 Bd7 15. f4 gxf4 16. gxf4 Ng4 17. Bxg4 Bxg4 18. Rac1 0-0-0 19. a3 Kb8 20. Nf3 Rhg8 21. Rf2 e6 22. Qd3 Bf5 23. e4 Bg4 24. Kh1 Qc7 25. b4 Qe7 26. bxc5 dxc5 27. e5 f6 28. d6 Qf7 29. Qe4 Bxf3 30. Rxf3 fxe5 31. fxe5 Qh5+ 32. Rh3 Qf5 33. Rb1 Qxe4 34. Nxe4 Bxe5 35. Rxh6 Rh8 36. Rh3 Ka7 37. Rf1 b5 38. Rf7+ Kb6 39. cxb5 axb5 40. Rhh7 Rxh7+ 41. Rxh7 c4 42. g4 Rh8 43. Rxh8 Bxh8 44. a4 bxa4 45. d7 Kc7 46. Nc5 a3 47. d8Q+ Kxd8 48. Nxe6+ Kc8 49. Nc5 a2 0-1

[Event "AUT-chT2W 1516"]
[Site "Austria"]
[Date "2015.11.28"]
[Round "4.2"]
[White "Niedermeier, Thomas"]
[Black "Gauss, Gustav"]
[Result "1-0"]
[WhiteElo "2262"]
[BlackElo "2182"]
[PlyCount "63"]
[EventDate "2015.10.16"]
[EventType "team-tourn"]
[EventRounds "11"]
[EventCountry "AUT"]
[SourceTitle "EXT 2017"]
[Source "ChessBase"]
[SourceDate "2016.10.25"]
[SourceVersion "1"]
[SourceVersionDate "2016.10.25"]
[SourceQuality "1"]
[WhiteTeam "Voels/Innsbruck"]
[BlackTeam "Goetzis II"]
[WhiteTeamCountry "AUT"]
[BlackTeamCountry "AUT"]

1. e4 e6 2. d4 d5 3. Nc3 Nf6 4. Bg5 Bb4 5. e5 h6 6. Bd2 Bxc3 7. bxc3 Ne4 8. Qg4 Kf8 9. Bc1 c5 10. Bd3 h5 11. Qf4 g5 12. Qe3 Nxc3 13. dxc5 Ne4 14. Bxe4 dxe4 15. Nh3 g4 16. Ng5 Nc6 17. Qf4 f5 18. exf6 e5 19. Qxe4 Qxf6 20. Nh7+ Rxh7 21. Qxh7 Nd4 22. Bh6+ Ke8 23. 0-0 Be6 24. Bg7 Qf7 25. Qh8+ Ke7 26. Qxa8 Bd5 27. Qf8+ Qxf8 28. Bxf8+ Kxf8 29. Rfe1 h4 30. Rxe5 Bc6 31. Rd1 Nxc2 32. Rd6 1-0

[Event "Nittenau-ch op 15th"]
[Site "Nittenau"]
[Date "2015.09.18"]
[Round "1"]
[White "Niedermeier, Thomas"]
[Black "Oberhofer, Marie"]
[Result "1-0"]
[WhiteElo "2226"]
[BlackElo "1602"]
[PlyCount "37"]
[EventDate "2015.09.18"]
[EventType "swiss"]
[EventRounds "5"]
[EventCountry "GER"]
[SourceTitle "EXT 2017"]
[Source "ChessBase"]
[SourceDate "2016.10.25"]
[SourceVersion "1"]
[SourceVersionDate "2016.10.25"]
[SourceQuality "1"]

1. e4 c5 2. Nc3 Nc6 3. f4 e6 4. Nf3 g6 5. Bb5 Bg7 6. Bxc6 bxc6 7. e5 Ba6 8. Ne4 Bf8 9. d3 Be7 10. b3 Nh6 11. 0-0 0-0 12. Qe1 Nf5 13. Qf2 Qa5 14. a4 Rab8 15. Ba3 d6 16. exd6 Nxd6 17. Nxc5 Rfd8 18. Ne5 Rbc8 19. b4 1-0

[Event "Pyramiden Franken Cup"]
[Site "Fuerth"]
[Date "2015.09.04"]
[Round "3"]
[White "Ikonnikov, Vyacheslav"]
[Black "Niedermeier, Thomas"]
[Result "1-0"]
[WhiteElo "2518"]
[BlackElo "2226"]
[PlyCount "81"]
[EventDate "2015.09.03"]
[EventType "swiss"]
[EventRounds "7"]
[EventCountry "GER"]
[SourceTitle "EXT 2016"]
[Source "ChessBase"]
[SourceDate "2015.10.08"]
[SourceVersion "1"]
[SourceVersionDate "2015.10.08"]
[SourceQuality "1"]

1. d4 Nf6 2. Nf3 g6 3. c4 Bg7 4. Nc3 d6 5. e4 0-0 6. Be2 e5 7. d5 a5 8. h3 Nh5 9. g3 Na6 10. Nh2 Nc5 11. Bxh5 gxh5 12. Be3 f5 13. Bxc5 dxc5 14. Qxh5 fxe4 15. Nxe4 b5 16. 0-0-0 Bf5 17. Qe2 bxc4 18. Nf3 Rb8 19. Rhe1 Bh6+ 20. Nfd2 Qxd5 21. Nc3 Qd3 22. Qxd3 Bxd3 23. Rxe5 Rxf2 24. Rxc5 Bxd2+ 25. Rxd2 Rxd2 26. Kxd2 Rxb2+ 27. Ke3 Rg2 28. g4 Rg3+ 29. Kf4 Rxh3 30. Rxa5 Bg6 31. Nd5 Rh2 32. a4 Bf7 33. Ne3 Rf2+ 34. Kg5 Kf8 35. Rc5 Rf3 36. Nf5 c3 37. a5 Rd3 38. Rxc7 Rd5 39. Kf6 Bg6 40. Rc8+ Be8 41. Ng7 1-0

[Event "Schwarzach op 30th"]
[Site "Schwarzach"]
[Date "2015.08.25"]
[Round "5"]
[White "Rolletschek, Heinrich"]
[Black "Niedermeier, Thomas"]
[Result "0-1"]
[WhiteElo "2163"]
[BlackElo "2263"]
[PlyCount "48"]
[EventDate "2015.08.22"]
[EventType "swiss"]
[EventRounds "9"]
[EventCountry "AUT"]
[SourceTitle "EXT 2016"]
[Source "ChessBase"]
[SourceDate "2015.10.08"]
[SourceVersion "1"]
[SourceVersionDate "2015.10.08"]
[SourceQuality "1"]

1. e4 e6 2. d3 d5 3. Nd2 Nf6 4. Ngf3 b6 5. g3 Bc5 6. Bg2 dxe4 7. dxe4 Ba6 8. c4 Bb7 9. Qe2 Nc6 10. e5 Nd4 11. Nxd4 Bxg2 12. Nxe6 fxe6 13. Rg1 Bb7 14. exf6 Qxf6 15. Rf1 Qf5 16. f3 0-0-0 17. Ne4 Bb4+ 18. Kf2 Rhf8 19. Kg2 Bxe4 20. fxe4 Qxf1+ 21. Qxf1 Rxf1 22. Kxf1 Rd1+ 23. Ke2 Rh1 24. Kd3 Rxh2 0-1

[Event "AUT-chT2W 1415"]
[Site "Austria"]
[Date "2015.01.25"]
[Round "8.1"]
[White "Niedermeier, Thomas"]
[Black "Froewis, Georg"]
[Result "1/2-1/2"]
[WhiteElo "2191"]
[BlackElo "2455"]
[PlyCount "60"]
[EventDate "2014.10.10"]
[EventType "team-tourn"]
[EventRounds "11"]
[EventCountry "AUT"]
[SourceTitle "EXT 2016"]
[Source "ChessBase"]
[SourceDate "2015.10.08"]
[SourceVersion "1"]
[SourceVersionDate "2015.10.08"]
[SourceQuality "1"]
[WhiteTeam "Innsbruck"]
[BlackTeam "Hohenems II"]
[WhiteTeamCountry "AUT"]
[BlackTeamCountry "AUT"]

1. e4 e6 2. d4 d5 3. Nc3 Bb4 4. exd5 exd5 5. Bd3 c6 6. a3 Bxc3+ 7. bxc3 Ne7 8. Qf3 0-0 9. Nh3 Ng6 10. 0-0 Bxh3 11. Qxh3 Nd7 12. Rb1 b5 13. f4 Re8 14. f5 Ngf8 15. f6 Nxf6 16. Bg5 Qd7 17. Bf5 Qd6 18. Bxf6 gxf6 19. Rf3 Ng6 20. Rbf1 Qxa3 21. Bd7 Re7 22. Bxc6 Rd8 23. Bxd5 a5 24. Bc6 Qb2 25. Qh6 Rd6 26. d5 a4 27. Rh3 a3 28. Qxh7+ Kf8 29. Qh6+ Kg8 30. Qh7+ Kf8 1/2-1/2

[Event "AUT-chT2W 1415"]
[Site "Austria"]
[Date "2014.11.30"]
[Round "5.2"]
[White "Niedermeier, Thomas"]
[Black "Dobosz, Henryk"]
[Result "1/2-1/2"]
[WhiteElo "2191"]
[BlackElo "2389"]
[PlyCount "80"]
[EventDate "2014.10.10"]
[EventType "team-tourn"]
[EventRounds "11"]
[EventCountry "AUT"]
[SourceTitle "CBM 163 Extra"]
[Source "ChessBase"]
[SourceDate "2014.12.23"]
[SourceVersion "1"]
[SourceVersionDate "2014.12.23"]
[SourceQuality "1"]
[WhiteTeam "Innsbruck"]
[BlackTeam "Bregenz"]
[WhiteTeamCountry "AUT"]
[BlackTeamCountry "AUT"]

1. e4 d6 2. d4 Nf6 3. Nc3 e5 4. Nf3 Nbd7 5. g4 g6 6. h3 Bg7 7. Bg2 c6 8. a4 0-0 9. 0-0 Re8 10. Bg5 Qe7 11. Qd2 Qf8 12. Bh4 b6 13. Rad1 h6 14. Rfe1 Bb7 15. Bg3 Rad8 16. dxe5 Nxe5 17. Nd4 d5 18. exd5 Nxd5 19. Nxd5 cxd5 20. b3 Qc5 21. Bf4 Kh7 22. Be3 Qc8 23. f4 Nd7 24. Nb5 Nc5 25. Nxa7 Qb8 26. Nb5 d4 27. Bxd4 Rxe1+ 28. Qxe1 Bxg2 29. Bxg7 Ba8 30. Rxd8 Qxd8 31. Bd4 Qd5 32. Qe2 Qh1+ 33. Kf2 Ne4+ 34. Ke3 Qxh3+ 35. Qf3 Qh2 36. Qe2 Qg3+ 37. Qf3 Qe1+ 38. Qe2 Qc1+ 39. Kd3 Qxf4 40. c4 Qc1 1/2-1/2